000 00305 a2200121 4500
005 20250623161156.0
020 _a978-9976-078-9
100 _aNBAA
245 _aT01 Book-Keeping and Accounts Study Text
260 _aDar es Salaam
_bNBAA
_c2014
300 _a310P.: ill; Table
_bIndex
_c29cm
942 _2ddc
_cBKS
999 _c4687
_d4687